Normal view
MARC view
Entry Personal Name
001 - CONTROL NUMBER
- control field: 7977
003 - CONTROL NUMBER IDENTIFIER
- control field: OSt
005 - DATE AND TIME OF LATEST TRANSACTION
- control field: 20211028144321.0
008 - FIXED-LENGTH DATA ELEMENTS
- fixed length control field: 211028|| aca||aabn | a|a d
040 ## - CATALOGING SOURCE
- Original cataloging agency: OSt
- Transcribing agency: OSt
100 ## - HEADING--PERSONAL NAME
- Personal name: D Souza, Vishal Gladson; Rose, Swapna.
- Miscellaneous information: 1616225
670 ## - SOURCE DATA FOUND
- Source citation: Work cat.: (OSt): D Souza, Vishal Gladson; Rose, Swapna. 1616225, Study on consumer buying behaviour at big bazaar., 2018